Greatest American Players in NHL History - Statistics

General Stats
  • This quiz has been taken 123 times
  • The average score is 10 of 20
Answer Stats
Hint Career Player % Correct
Forwards 2008 - Present Patrick Kane
96%
Forwards 1990 - 2011 Mike Modano
92%
Forwards 2017 - Present Auston Matthews
91%
Forwards 1987 - 2006 Brett Hull
86%
Defencemen 1988 - 2006 Brian Leetch
70%
Forwards 1992 - 2010 Keith Tkachuk
69%
Defencemen 1984 - 2010 Chris Chelios
65%
Forwards 2007 - Present Joe Pavelski
58%
Forwards 1989 - 2009 Jeremy Roenick
55%
Forwards 1991 - 2007 John LeClair
50%
Goaltenders 1982 - 2002 John Vanbiesbrouck
46%
Defencemen 1986 - 2002 Gary Suter
43%
Defencemen 1983 - 2003 Phil Housley
42%
Forwards 2006 - 2024 Zach Parise
42%
Forwards 1984 - 1998 Pat LaFontaine
38%
Forwards 2007 - Present Phil Kessel
32%
Forwards 1982 - 1997 Joe Mullen
23%
Defencemen 1974 - 1995 Mark Howe
22%
Goaltenders 1939 - 1950 Frank Brimsek
8%
Defencemen 1988 - 2010 Mathieu Schneider
8%
No matching quizzes found
Score Distribution
Percent of People with Each Score
Percentile by Number Answered
Your Score History
You have not taken this quiz